000 00490nam a22001697a 4500
999 _c8640
_d8640
008 201209b ||||| |||| 00| 0 eng d
040 _aBMS College of Architecture
100 _aJois, Nitya
245 _aLitmosphere
300 _a77p.
500 _a1BM12AT049
502 _8B,Arch
_NBMS College of Architecture, Visvesvaraya Technological University (VTU)
_aProject report
_d2016
650 _aNA
700 _aBhaghyalaxmi M
_eGuide
700 _aAmresh Hati
_eGuide
942 _2ddc
_cTHE